Managing construction projects : a guide to processes and procedure
Salvato in:
| Altri autori: | , |
|---|---|
| Natura: | Libro |
| Pubblicazione: |
Geneva :
International Labour Office,
1986
|
| Soggetti: | |
| Tags: |
Aggiungi Tag
Nessun Tag, puoi essere il primo ad aggiungerne!!
|
MARC
| LEADER | 00000nam a2200000 4500 | ||
|---|---|---|---|
| 020 | |a 9221035530 | ||
| 040 | |a MUL |b eng. |e AACR | ||
| 082 | |a 658.404 MAN | ||
| 245 | |a Managing construction projects : |b a guide to processes and procedure |c / edited by A. D. Austen and R. H. Neale | ||
| 260 | |a Geneva : |b International Labour Office, |c 1986 | ||
| 300 | |a xii, 158 p. : |b ill. ; |c 25 cm | ||
| 504 | |a Includes bibliography | ||
| 546 | |a eng. | ||
| 650 | |a Project management | ||
| 700 | |a Austen, A. D. |b (editor) | ||
| 700 | |a Neale, R. H. |b (editor) | ||
| 942 | |c BK | ||
| 999 | |c 5471 |d 5471 | ||